<?xml version="1.0" encoding="UTF-8"?>
<collection xmlns:xsi="http://www.w3.org/2001/XMLSchema-instance" xsi:schemaLocation="http://www.loc.gov/MARC21/slim http://www.loc.gov/standards/marcxml/schema/MARC21slim.xsd" xmlns="http://www.loc.gov/MARC21/slim">
 <record>
  <leader>00000nam a22000004a 4500</leader>
  <controlfield tag="001">UP-1685954869149832019</controlfield>
  <controlfield tag="003">Buklod</controlfield>
  <controlfield tag="005">20240401163911.0</controlfield>
  <controlfield tag="006">m     |  | |      </controlfield>
  <controlfield tag="007">ta</controlfield>
  <controlfield tag="008">240401s2023    enk     r   b|001 0|eng  </controlfield>
  <datafield tag="020" ind1=" " ind2=" ">
   <subfield code="a">9780367902186 (pbk)</subfield>
  </datafield>
  <datafield tag="037" ind1=" " ind2=" ">
   <subfield code="a">BC-74766</subfield>
   <subfield code="b">SERV Enterprises</subfield>
   <subfield code="c">Php4,274.00</subfield>
   <subfield code="n">Department of Language, Literature, and the Arts</subfield>
  </datafield>
  <datafield tag="040" ind1=" " ind2=" ">
   <subfield code="a">DLC</subfield>
   <subfield code="d">BAG</subfield>
   <subfield code="e">rda</subfield>
  </datafield>
  <datafield tag="041" ind1="0" ind2=" ">
   <subfield code="a">eng</subfield>
  </datafield>
  <datafield tag="090" ind1="1" ind2="0">
   <subfield code="a">PN 187</subfield>
   <subfield code="b">H37 2023</subfield>
  </datafield>
  <datafield tag="100" ind1="1" ind2=" ">
   <subfield code="a">Harper, Graeme</subfield>
   <subfield code="e">author.</subfield>
  </datafield>
  <datafield tag="245" ind1="1" ind2="0">
   <subfield code="a">Creative writing analysis</subfield>
   <subfield code="c">Graeme Harper ; afterword, Dianne Donnelly.</subfield>
  </datafield>
  <datafield tag="264" ind1=" " ind2="1">
   <subfield code="a">Abingdon, Oxon, [England]</subfield>
   <subfield code="b">Routledge, an imprint of the Taylor &amp; Francis Group</subfield>
   <subfield code="c">2023.</subfield>
  </datafield>
  <datafield tag="300" ind1=" " ind2=" ">
   <subfield code="a">viii, 122 pages</subfield>
   <subfield code="c">24 cm</subfield>
  </datafield>
  <datafield tag="336" ind1=" " ind2=" ">
   <subfield code="a">text</subfield>
   <subfield code="2">rdacontent</subfield>
  </datafield>
  <datafield tag="337" ind1=" " ind2=" ">
   <subfield code="a">unmediated</subfield>
   <subfield code="2">rdamedia</subfield>
  </datafield>
  <datafield tag="338" ind1=" " ind2=" ">
   <subfield code="a">volume</subfield>
   <subfield code="2">rdacarrier</subfield>
  </datafield>
  <datafield tag="504" ind1=" " ind2=" ">
   <subfield code="a">Includes bibliographical references and index.</subfield>
  </datafield>
  <datafield tag="505" ind1="0" ind2=" ">
   <subfield code="a">Creative writing analysis : an introduction -- Creative writing actions -- Practice-led research -- Completed work : textual analysis -- Incomplete and complementary work -- Cross-disciplinary: interdisciplinary -- Culture and creative writing/Cultures of creative writing.</subfield>
  </datafield>
  <datafield tag="520" ind1=" " ind2=" ">
   <subfield code="a">&quot;All creative writers engage in forms of analysis. That is, we engage in detailed examinations of subjects and themes, of ways of approaching the writing of a single poem or an entire book of poems, of writing a novel or a screenplay. Analysis for creative writers often comes naturally and is frequent. When we reach an understanding of the types of analysis that are available to us, and the forms of analysis we employ, we have more tools at our disposal to progress a project or to find solutions to creative writing problems. Non-creative writers also engage in creative writing analysis, to discover more about a completed work of writing, to place it in the context of a culture or society, a moment in history or a particular writing genre or form or tradition. Creative Writing Analysis details the many ways in which creative writing can be examined. Whether you are a creative writer seeking to improve your work or you are simply interested in analyzing the practice and outcomes of others doing creative writing, Creative Writing Analysis offers strategies to assist you. The book also includes a wonderfully supportive Afterword by Dianne Donnelly, whose work in Creative Writing Studies has been widely recognized as a contribution to the critical study of creative writing&quot;--Provided by publisher.</subfield>
  </datafield>
  <datafield tag="650" ind1=" " ind2="0">
   <subfield code="a">Creative writing.</subfield>
  </datafield>
  <datafield tag="700" ind1="1" ind2=" ">
   <subfield code="a">Donnelly, Dianne</subfield>
   <subfield code="e">author of afterword, colophon. etc.</subfield>
  </datafield>
  <datafield tag="905" ind1=" " ind2=" ">
   <subfield code="a">FO</subfield>
  </datafield>
  <datafield tag="852" ind1="0" ind2=" ">
   <subfield code="a">UPBAG</subfield>
   <subfield code="b">UPBAG-MAIN</subfield>
   <subfield code="h">PN 187</subfield>
   <subfield code="i">H37 2023</subfield>
  </datafield>
  <datafield tag="942" ind1=" " ind2=" ">
   <subfield code="a">Book</subfield>
  </datafield>
 </record>
</collection>
